BL LAC phenomenon (Record no. 13352)

MARC details
000 -LEADER
fixed length control field 00836nam a2200217Ia 4500
003 - CONTROL NUMBER IDENTIFIER
control field IN-BaIIA
008 - FIXED-LENGTH DATA ELEMENTS--GENERAL INFORMATION
fixed length control field 211028s9999 xx 000 0 eng d
020 ## - INTERNATIONAL STANDARD BOOK NUMBER
International Standard Book Number 1-886733-79-1
040 ## - CATALOGING SOURCE
Transcribing agency IIA Library
080 ## - UNIVERSAL DECIMAL CLASSIFICATION NUMBER
Universal Decimal Classification number 082.2:52
Item number ASP-159
111 ## - MAIN ENTRY--MEETING NAME
Meeting name or jurisdiction name as entry element Meeting on BL LAC Phenomenon
Location of meeting Turku, Finland
Date of meeting or treaty signing 1998 June 22-26
9 (RLIN) 23414
245 #0 - TITLE STATEMENT
Title BL LAC phenomenon
Remainder of title proceedings of a meeting on BL LAC phenomenon, held in Turku, Finland, 22-26 Jun 1998
Statement of responsibility, etc. edited by L. O. Takalo and Aimo Sillanpaa
260 ## - PUBLICATION, DISTRIBUTION, ETC.
Place of publication, distribution, etc. California
Name of publisher, distributor, etc. Astronomical Society of the Pacific
Date of publication, distribution, etc. 1999
300 ## - PHYSICAL DESCRIPTION
Extent xxv, 529p.
490 ## - SERIES STATEMENT
Series statement ASP conference series; vol. 159
650 ## - SUBJECT ADDED ENTRY--TOPICAL TERM
Topical term or geographic name entry element bl lac objects
9 (RLIN) 10818
650 ## - SUBJECT ADDED ENTRY--TOPICAL TERM
Topical term or geographic name entry element blazars
9 (RLIN) 18171
700 ## - ADDED ENTRY--PERSONAL NAME
Personal name Sillanpaa, Aimo, ed.
9 (RLIN) 23415
700 ## - ADDED ENTRY--PERSONAL NAME
Personal name Takalo, L. O., ed.
9 (RLIN) 23416
942 ## - ADDED ENTRY ELEMENTS (KOHA)
Koha item type Books
Holdings
Withdrawn status Lost status Damaged status Not for loan Home library Current library Shelving location Date acquired Total Checkouts Full call number Barcode Date last seen Price effective from Koha item type
        IIA Library-Bangalore IIA Library-Bangalore General Stacks     082.2:52/ ASP-159 14271 05/11/2021   Books

Powered by Koha